Ley de Protección de Datos : la nueva LORTAD /
Gardado en:
| Autor Principal: | |
|---|---|
| Formato: | Libro |
| Idioma: | Lingua castelá |
| Publicado: |
Madrid, España :
Díaz de Santos,
2000, c2000
|
| Temas: | |
| Etiquetas: |
Sen Etiquetas, Sexa o primeiro en etiquetar este rexistro!
|
MARC
| LEADER | 00000nam^a2200000^a^4500 | ||
|---|---|---|---|
| 001 | 000146448 | ||
| 005 | 20250521000000.0 | ||
| 009 | 20260310095911.682 | ||
| 020 | |a 84-7978-446-6 | ||
| 037 | |a Acervo ITESO - Biblioteca | ||
| 041 | |a ESP | ||
| 082 | |a 343. 460996 |b PES | ||
| 100 | |a Peso Navarro, Emilio del |e (autor) | ||
| 245 | 1 | 0 | |a Ley de Protección de Datos : |b la nueva LORTAD / |c E. del Peso Navarro. |
| 264 | 4 | |a Madrid, España : |b Díaz de Santos, |c 2000, c2000 | |
| 300 | |a XXXIV, 441 p. | ||
| 336 | |a texto |b txt |2 rdacontenido | ||
| 337 | |a sin mediación |b n |2 rdamedio | ||
| 338 | |a volumen |b nc |2 rdasoporte | ||
| 649 | |a XX | ||
| 650 | |a Protección de Datos - |z España - |x Aspectos Jurídicos | ||
| 650 | |a Vida Privada - |z España - |x Aspectos Jurídicos | ||
| 650 | |a Derecho a la Intimidad - |z España | ||
| 650 | |a Derecho Civil - |z España | ||
| 650 | |a Derecho Administrativo - |z España | ||
| 650 | |a Derecho Penal - |z España | ||
| 650 | |a Derecho Privado - |z España | ||
| 650 | |a Derecho Público - |z España | ||
| 910 | |a Fondo General | ||
| 920 | |a Impresos - Libros | ||
| 930 | |a Colección General | ||
| 905 | |a 101 | ||
| 901 | |a 0500075646 |b IT1 |c ACC |u 20250521 | ||
| 902 | |a https://opac.biblio.iteso.mx/vufind/Record/000146448 | ||